Violencia institucional: Las patrullas de autodefensa civil en Guatemala 1993-1994 /
El documento consiste en un análisis de la violencia institucional, detallando el estado del sistema de patrullas de autodefensa civil, las violaciones y desafíos que enfrentan frente al deseo de disolución. Además se analiza el tema de los derechos humanos en Guatemala y los regímenes de ley.
Uloženo v:
| Hlavní autor: | |
|---|---|
| Médium: | Kniha |
| Jazyk: | Spanish |
| Vydáno: |
Washington, D.C, USA:
Centro para los Derechos Humanos de la Organización Conmemorativa "Robert F. Kennedy",
1994
|
| Témata: | |
| Tagy: |
Přidat tag
Žádné tagy, Buďte první, kdo vytvoří štítek k tomuto záznamu!
|
MARC
| LEADER | 00000nam a22000007a 4500 | ||
|---|---|---|---|
| 003 | cru CIDCACS/IIS | ||
| 005 | 20230707092802.0 | ||
| 008 | 210420e1994 US ||||| |||| 00| 0 spa d | ||
| 040 | |c cru CIDCACS/IIS | ||
| 090 | |a 01.02.07 S689v | ||
| 100 | 1 | |9 9948 |a Solomon, Joel A. | |
| 245 | 1 | |a Violencia institucional: |b Las patrullas de autodefensa civil en Guatemala 1993-1994 / |c Joel A. Solomon, P.O. coj, traductor y James J. Silk, editor | |
| 260 | |a Washington, D.C, USA: |b Centro para los Derechos Humanos de la Organización Conmemorativa "Robert F. Kennedy", |c 1994 | ||
| 300 | |a 83 páginas | ||
| 500 | |a Colección CODEHUCA | ||
| 520 | 3 | |a El documento consiste en un análisis de la violencia institucional, detallando el estado del sistema de patrullas de autodefensa civil, las violaciones y desafíos que enfrentan frente al deseo de disolución. Además se analiza el tema de los derechos humanos en Guatemala y los regímenes de ley. | |
| 650 | 0 | 0 | |9 133 |a VIOLENCIA |
| 650 | 0 | 0 | |9 139 |a CONFLICTO ARMADO |
| 650 | 0 | 0 | |a CRIMENES DE GUERRA |9 7141 |
| 650 | 0 | 7 | |9 8729 |a ORGANIZACIONES REVOLUCIONARIAS |
| 651 | 0 | |9 142 |a GUATEMALA | |
| 942 | |2 ddc |c LI | ||
| 999 | |c 43655 |d 43655 | ||
